Joueurs formés au Standard de Liège - Statistiques

Statistiques générales
  • Ce quiz a été pris 8 fois
  • Le résultat moyen est 8 sur 15
Statistiques - réponses
Indices Réponses % Correct
A fracassé la jambe d'un terroriste polonais et est le doyen des diables rouges à la CDM 2026 Axel Witsel
100%
Soulier d'ébène en 2008 et c'était pas grâce à ses cheveux Marouane Fellaini
100%
Dernier bon gardien avant Matthieu Epolo Arnaud Bodart
80%
1m de haut, 4 litres de haine Nicolas Raskin
60%
Ancien latéral passé par les Pays-Bas, l'Allemagne et l'Angleterre qui a remporté récemment le premier titre de champion (en tant que coach) de l'Union Saint-Gilloise Sébastien Pocognoli
60%
Jamais lancé à Sclessin, avant de finir à Virton, au PSG et chez les Diables Thomas Meunier
60%
Fils d'Almani qui est repris pour la CDM mais n'a jamais joué en Pro Diego Moreira
40%
A connu 17 générations de Pro League Jean-François Gillet
40%
Aurait pu jouer dans les plus grands clubs en Europe si Mavinga l'avait pas satellisé Mehdi Carcela
40%
Légende du club comme joueur (titulaire lors de la finale de 82 à Barcelone en Coupe des Coupes) et entraineur Michel Preud'homme
40%
Aucune idée si le contrôle était raté ou volontaire, ça finissait au but par on-ne-sait quel miracle Michy Batshuayi
40%
Beaucoup de talent mais beaucoup de blessures pour ce défenseur Belgo-Congolais Nathan Ngoy
40%
Contrôle de Nationale 3, frappe de Ballon d'Or Christian Benteke
20%
Le "lion de Rekem" et la plus grande légende du club Eric Gerets
20%
Enfant de la maison qui a terminé sa carrière en tentant une reconversion en tant que Gardien de But à son dernier match Réginal Goreux
20%
Aucun quiz correspondant
Distribution des résultats
% des personnes avec chaque résultat
Percentile par nombre de réponses
Votre historique - résultats
Vous n’avez pas pris ce quiz